书目信息 |
| 题名: |
南南合作勃兴
|
|
| 作者: | 宦乡 主编 | |
| 分册: | ||
| 出版信息: | 北京 经济科学出版社 1984 |
|
| 页数: | 252页 | |
| 开本: | 21cm | |
| 丛书名: | ||
| 单 册: | ||
| 中图分类: | F114.43-53 , F116 | |
| 科图分类: | ||
| 主题词: | 南南合作--文集 , 经济--世界 , 国际经济关系 | |
| 电子资源: | ||
| ISBN: | ||
| 000 | 00900nam0 2200289 45 | |
| 001 | 0184014000 | |
| 005 | 20040425081939.8 | |
| 010 | @dCNY1.50 | |
| 091 | @a4312.21 | |
| 100 | @a19950526d1984 em y0chiy0121 ea | |
| 101 | 0 | @achi |
| 102 | @aCN@b110000 | |
| 105 | @af z 000yy | |
| 106 | @ar | |
| 200 | 10 | @a南南合作勃兴@Anan nan he zuo bo xing@e北京南南会议:发展战略、谈判及合作讨论会文集(1983)@f宦乡主编 |
| 210 | @a北京@c经济科学出版社@d1984 | |
| 215 | @a252页@c照片@d21cm | |
| 517 | 1 | @a北京南南会议发展战略谈判及合作讨论会文集1983@Abei jing nan nan hui yi fa zhan zhan lue tan pan ji he zuo tao lun hui wen ji 1983 |
| 606 | @a南南合作@x文集 | |
| 606 | 0 | @a经济@x世界 |
| 606 | 0 | @a国际经济关系 |
| 690 | @aF114.43-53@v3 | |
| 690 | @aF116 | |
| 701 | 0 | @a宦乡@Ayi xiang@4主编 |
| 801 | 0 | @aCN@b上海图书馆@c20040425 |
| 801 | 2 | @aCN@bNLC@c20040425 |
| 905 | @f2@b173643-644@dF116@e47 | |
| 南南合作勃兴:北京南南会议:发展战略、谈判及合作讨论会文集(1983)/宦乡主编.-北京:经济科学出版社,1984 |
| 252页:照片;21cm |
| ISBN :CNY1.50 |
| ● |
| 相关链接 |
|
|
|
|
正题名:南南合作勃兴
索取号:F116/47
 
预约/预借
| 序号 | 登录号 | 条形码 | 馆藏地/架位号 | 状态 | 备注 |
| 1 | 0173643 | 000197085 | 密集书库/ [索取号:F116/47] | 在馆 | |
| 2 | 0173644 | 000197049 | 密集书库/ [索取号:F116/47] | 在馆 | |
| 3 | 0173645 | 000197129 | 第一样本阅览室/ [索取号:F116/47] | 在馆 |